Top 30 : MHD - Statistiques

Statistiques générales
  • Ce quiz a été pris 70 fois
  • Le résultat moyen est 15 sur 30
Statistiques - réponses
Top Titres Featuring % Correct
2 Afro Trap Pt. 3 (Champions League)
91%
1 Afro Trap Pt. 7 (La puissance)
91%
20 Afro Trap, Pt. 7 (La Puissance) - Remix Major Lazer
91%
12 Afro Trap Pt. 4 (Fais le mouv)
80%
3 Bella Wizkid
80%
9 Afro Trap Pt. 5 (Ngatie Abedi)
68%
10 Afro Trap Pt. 8 (Never)
68%
8 Pololo Tiakola
68%
5 A Kele Nta
66%
7 Afro Trap Part. 11 (King Kong)
64%
6 Bébé Dadju
64%
27 Afro Trap Pt. 6 (Molo Molo)
61%
23 Afro Trap Pt. 10 (Moula Gang)
59%
28 Afro Trap Part. 9 (Faut les wet)
57%
21 Afro Trap Pt. 2 (Kakala Bomaye)
57%
13 Laissez-les kouma Zaho
55%
11 Maman j’ai mal
54%
15 Oblah Gradur, Alonzo, Nyda
54%
4 Tek Tek DYSTINCT, YAM
43%
30 Bénéfice Ninho
36%
29 La Moula
36%
16 Versus Niska
36%
17 Bravo
34%
24 XIX
27%
22 Problèmes Aya Nakamura
25%
19 Feu d'artifice Alonzo
21%
18 Full
20%
25 Kata
16%
26 Niet Alsof Dopebwoy
7%
14 MHD: Bzrp Music Sessions, Vol. 44 Bizarrap
5%
Aucun quiz correspondant
Distribution des résultats
% des personnes avec chaque résultat
Percentile par nombre de réponses
Votre historique - résultats
Vous n’avez pas pris ce quiz